Présidents de la République française par portrait - Mort subite - Statistiques

Statistiques générales
  • Ce quiz a été pris 33 188 fois
  • Le résultat moyen est 10 sur 25
Answers on the Grid
Answers color-coded by a green-red scale on the quiz's grid according to % correct below.
 
Statistiques - réponses
Réponse % Correct
François Hollande
90%
Jacques Chirac
89%
Nicolas Sarkozy
89%
Emmanuel Macron
89%
Charles de Gaulle
84%
François Mitterrand
82%
Valéry Giscard d'Estaing
81%
Georges Pompidou
76%
Marie François Sadi Carnot
23%
Paul Doumer
23%
Louis-Napoléon Bonaparte
22%
Vincent Auriol
21%
Paul Deschanel
20%
Patrice de Mac-Mahon
19%
René Coty
19%
Félix Faure
18%
Armand Fallières
18%
Raymond Poincaré
18%
Albert Lebrun
18%
Adolphe Thiers
17%
Émile Loubet
17%
Jean Casimir-Perier
16%
Alexandre Millerand
14%
Gaston Doumergue
14%
Jules Grévy
10%
Aucun quiz correspondant
Distribution des résultats
% des personnes avec chaque résultat
Percentile par nombre de réponses
Votre historique - résultats
Vous n’avez pas pris ce quiz